Manufacturing Consent : (Record no. 16040)
[ view plain ]
| 000 -LEADER | |
|---|---|
| fixed length control field | 01349cam a2200301 a 4500 |
| 001 - CONTROL NUMBER | |
| control field | 12521963 |
| 005 - DATE AND TIME OF LATEST TRANSACTION | |
| control field | 20181114144126.0 |
| 008 - FIXED-LENGTH DATA ELEMENTS--GENERAL INFORMATION | |
| fixed length control field | 010831s2002 nyu b 001 0 eng |
| 010 ## - LIBRARY OF CONGRESS CONTROL NUMBER | |
| LC control number | 2001050014 |
| 020 ## - INTERNATIONAL STANDARD BOOK NUMBER | |
| International Standard Book Number | 0375714499 |
| 020 ## - INTERNATIONAL STANDARD BOOK NUMBER | |
| International Standard Book Number | 9780375714498 |
| 040 ## - CATALOGING SOURCE | |
| Original cataloging agency | DLC |
| Transcribing agency | DLC |
| Modifying agency | DLC |
| 050 00 - LIBRARY OF CONGRESS CALL NUMBER | |
| Classification number | P96.E25 |
| Item number | H47 2002 |
| 082 00 - DEWEY DECIMAL CLASSIFICATION NUMBER | |
| Classification number | 381.4530223 |
| Edition number | 22 |
| Item number | HER |
| 100 1# - MAIN ENTRY--PERSONAL NAME | |
| Personal name | Herman, Edward S. |
| 9 (RLIN) | 27207 |
| 245 10 - TITLE STATEMENT | |
| Title | Manufacturing Consent : |
| Remainder of title | The Political Economy of the Mass Media / |
| Statement of responsibility, etc | Edward S. Herman and Noam Chomsky ; with a new introduction by the authors. |
| 260 ## - PUBLICATION, DISTRIBUTION, ETC. (IMPRINT) | |
| Place of publication, distribution, etc | New York : |
| Name of publisher, distributor, etc | Pantheon Books, 2002 |
| Date of publication, distribution, etc | 2002. |
| 300 ## - PHYSICAL DESCRIPTION | |
| Extent | lxiv, 412 p. ; |
| Dimensions | 24 cm. |
| 504 ## - BIBLIOGRAPHY, ETC. NOTE | |
| Bibliography, etc | Includes bibliographical references and index. |
| 650 #0 - SUBJECT ADDED ENTRY--TOPICAL TERM | |
| Topical term or geographic name as entry element | Mass media |
| General subdivision | Ownership. |
| 9 (RLIN) | 27208 |
| 650 #0 - SUBJECT ADDED ENTRY--TOPICAL TERM | |
| Topical term or geographic name as entry element | Mass media and propaganda. |
| 9 (RLIN) | 27209 |
| 653 ## - INDEX TERM--UNCONTROLLED | |
| Resource For college | |
| Arrived date list | September2011 |
| 700 1# - ADDED ENTRY--PERSONAL NAME | |
| Personal name | Chomsky, Noam |
| 9 (RLIN) | 27210 |
| 856 42 - ELECTRONIC LOCATION AND ACCESS | |
| Materials specified | Contributor biographical information |
| Uniform Resource Identifier | <a href="http://www.loc.gov/catdir/bios/random051/2001050014.html">http://www.loc.gov/catdir/bios/random051/2001050014.html</a> |
| 856 42 - ELECTRONIC LOCATION AND ACCESS | |
| Materials specified | Publisher description |
| Uniform Resource Identifier | <a href="http://www.loc.gov/catdir/description/random044/2001050014.html">http://www.loc.gov/catdir/description/random044/2001050014.html</a> |
| 942 ## - ADDED ENTRY ELEMENTS (KOHA) | |
| Source of classification or shelving scheme | Dewey Decimal Classification |
| Item type | Book - Borrowing |
| Withdrawn status | Item status | Source of classification or shelving scheme | Damaged status | Not for loan | Vendor | Home library | Current library | Shelving location | Date acquired | Source of acquisition | Total Checkouts | Full call number | Barcode | Date last seen | Koha item type | Total Renewals | Date last borrowed |
|---|---|---|---|---|---|---|---|---|---|---|---|---|---|---|---|---|---|
| Dewey Decimal Classification | Baccah | Central Library | Central Library | First floor | 14/09/2011 | 381.4530223 HER | 000024754 | 15/07/2025 | Book - Borrowing | ||||||||
| Dewey Decimal Classification | Baccah | Central Library | Central Library | First floor | 14/09/2011 | 1 | 381.4530223 HER | 000024755 | 15/07/2025 | Book - Borrowing | 10 | 21/01/2013 | |||||
| Dewey Decimal Classification | Baccah | Central Library | Central Library | First floor | 14/09/2011 | 5 | 381.4530223 HER | 000024756 | 15/07/2025 | Book - Borrowing | 28 | 05/10/2022 | |||||
| Dewey Decimal Classification | Baccah | Central Library | Central Library | First floor | 14/09/2011 | 2 | 381.4530223 HER | 000024757 | 28/09/2025 | Book - Borrowing | 27/05/2025 |